| 000 | 00000nas##2200000za#4500 |
| 001 | 9.509388 |
| 003 | CaOODSP |
| 005 | 20200325103602 |
| 007 | ta |
| 008 | 150406c2002||||xxc|| m #||||f| |0eng|d |
| 040 | |aCaOODSP|beng |
| 041 | |aeng |
| 041 | |afre |
| 043 | |an-cn--- |
| 086 | 1 |aH13-6 |
| 110 | 1 |aCanada.|bHealth Canada. |bHealth Policy and Communications Branch. |
| 245 | 10|aSynthesis series / |cIssued by the Health Transition Fund Secretariat. |
| 260 | |aOttawa - Ontario : |bHealth Canada. |
| 500 | |aAt head of title: Sharing the learning: the Health Transition Fund. |
| 563 | |aSoftcover |
| 776 | 0#|tSérie de rapports de synthèse / |w(CaOODSP)9.503206 |
| 776 | 0#|tSynthesis series / |w(CaOODSP)9.506811 |
| 792 | |tSérie de rapports de synthèse / |efre|w(CaOODSP)9.509389 |